Técnicas de laboratorio para el análisis de alimentos

Guardat en:
Dades bibliogràfiques
Autor principal: Pearson, David (autor)
Format: Llibre
Idioma:espanyol
Publicat: Zaragoza Acribia 1998
Matèries:
Etiquetes: Afegir etiqueta
Sense etiquetes, Sigues el primer a etiquetar aquest registre!

MARC

LEADER 00000nam a2200000 a 4500
001 UCN7697
003 CL-VaPUC
008 011026e19980000SP |||||||||||||||||spa|d
082 0 4 |a 664.028  |b PEA  |2 21 
100 |a Pearson, David  |e autor  |9 298170 
245 1 0 |a Técnicas de laboratorio para el análisis de alimentos 
300 |a 331 p 
942 |c BK 
945 |d 20011026 00:00:00  |a vberengu 
260 |a Zaragoza  |b Acribia  |c 1998 
650 0 |a Alimentos  |9 256203 
650 0 |a Análisis de alimentos  |9 361130 
650 0 |a Aditivos   |9 344454 
650 0 |a Aceites  |9 348370 
650 0 |a Productos lácteos   |9 259521 
650 0 |a Leche  |9 259848 
650 0 |a Recursos pesqueros  |9 255431 
650 0 |a Carne  |9 259507 
650 7 |a PRODUCTOS ANIMALES  |2 CL-VaPUC  |9 344463 
650 7 |a HARINA  |2 CL-VaPUC  |9 364133 
650 7 |a LEVADURA  |2 CL-VaPUC  |9 456218 
650 7 |a AZUCAR  |2 CL-VaPUC  |9 375969 
650 0 |a Frutas  |9 259500 
583 |a last modification  |c 20011026 00:00:00  |k Rodrigo Vera 
999 |c 297910  |d 297908 
952 |0 0  |1 0  |4 0  |6 664_028000000000000_PEA_1998  |7 0  |8 A  |9 352963  |a BIBALI  |b BIBALI  |c RES  |d 2019-11-21  |i 3755398  |o 664.028 PEA 1998  |p 3755398  |r 2025-01-20  |w 2019-11-21  |y BK_R  |k ALI